|
|
|
|
| LEADER |
00952nab#a2200313#ar4500 |
| 001 |
000071801 |
| 003 |
SVKKK |
| 005 |
20011015xxxxxxx. |
| 008 |
06 c xo huno |
| FMT |
|
|
|
| 038 |
|
|
|a SVKKK
|
| 040 |
|
|
|a SVKKK
|b slo
|e AACR2
|
| 041 |
0 |
|
|a hun
|
| 044 |
|
|
|a xo
|c SK
|
| 080 |
|
|
|a 392
|
| 242 |
1 |
0 |
|a Zásnuby
|
| 245 |
0 |
0 |
|a Eljegyzés
|
| 500 |
|
|
|a mikrofilm
|
| 520 |
2 |
|
|a Správa o zásnubách hostinského zo Sobraniec Mórica (Mór) Rótha s Annou Jakobovits z Humenného v decembri roku 1912.
|
| 650 |
0 |
4 |
|a Róth, Móric (hostinský) - Sobrance (SK) - Jakobovits, Anna (snúbenica) - Humenné - december 1912 - správy
|
| 773 |
0 |
|
|t Homonna és Vidéke : Vegyes tartalmu közmüvelődési, szépirodalmi és közgazdasági hetilap
|g Roč. 12, č. 50 (08.12.1912) s. 2
|
| 957 |
|
|
|a Humenné
|
| 957 |
|
|
|a Sobrance
|
| 958 |
|
|
|a DG
|
| 958 |
|
|
|a SK
|
| 974 |
|
|
|a Ba
|d 20011015
|
| 992 |
|
|
|a RBX
|
| BAS |
|
|
|
| 998 |
|
|
|a RETRO
|